Irak Kralı I. Faysal (Record no. 8538)

MARC details
000 -BAŞLIK
Sabit Uzunlukta Kontrol Alanı 00898na a2200289 4500
001 - KONTROL NUMARASI
Denetim Alanı 18267
003 - KONTROL NUMARASI IDENTIFIER
Denetim Alanı MIRAKIL
005 - SON İŞLEM TARİHİ VE ZAMANI
Denetim Alanı 20181213155216.0
008 - SABİT-BOY VERİ ELEMANLARI - GENEL BİLGİLER
Sabit Uzunlukta Kontrol Alanı 161115b tu 000 0
020 ## - ULUSLARARASI STANDART KİTAP NUMARASI
Uluslararası Standart Kitap Numarası 9786053326915
035 ## - SİSTEM KONTROL NUMARASI
Sistem Kontrol Numarası 18267
040 ## - KATALOGLAMA KAYNAK
Orijinal Kataloglama Ajansı Milas
Kataloglama Dili tur
Metne Dönüştürmek Ajansı TR-AnCHP
041 ## - DİL KODU
Metin / Ses Parça Veya Ayrı Başlığın Dil Kodu tur
082 ## - DEWEY ONLU SINIFLANDIRMA NUMARASI
Sınıflandırma Numarası 923.1 Faysal,1.
Ürün Numarası A44ı 2014
090 ## - SINIFLAMA NUMARASI
Sınıflama Numarası 923.1 Faysal,1. A44ı 2014
100 ## - ANA GİRİŞ - KİŞİSEL İSİM
Kişisel Ad Allawi, Ali A.
245 ## - BAŞLIK TABLOSU
Başlık Irak Kralı I. Faysal
Sorumluluk Tablosu, Vb Ali A. Allawi , çeviri: Hakan Abacı , ed. Levent Cinemre.
260 ## - YAYIN, DAĞITIM, VB
Yayın, Dağıtım, Vb Yeri İstanbul
Yayıncı, Dağıtıcı, Vs Adı Türkiye İş Bankası Kültür Yayınları
Yayın, Dağıtım, Vb Tarihi 2014
300 ## - FİZİKSEL TANIM
Kapsam xxxviii, 764 s.
Diğer Fiziksel Ayrıntıları res.
Boyutlar 24 sm.
500 ## - GENEL NOT
Genel Not Özgün adı: Faisal I of Iraq
504 ## - KAYNAKÇA VB NOT
Kaynakça Vb Notu Kaynakça ve dizin var.
600 ## - KONU KATMA GİRİŞ - KURUMSAL ADI
Kişisel Ad Faysal I
Başlıklar Ve Bir Adla İlişkili Diğer Kelimeler kral
Kronolojik Alt Bölümü 1885-1933
Coğrafi Alt Bölümü Irak
651 ## - KONU KATMA GİRİŞ - COĞRAFİ ADI
Coğrafi İsim Irak
Genel Alt Bölümü Siyaset ve yönetim
Kronolojik Alt Bölümü 1921-1958
700 ## - KATMA GİRİŞ - KİŞİSEL İSİM
Kişisel Ad Abacı, Hakan
700 ## - KATMA GİRİŞ - KİŞİSEL İSİM
Kişisel Ad Cinemre, Levent
942 ## - EKLENDİ GİRİŞ ELEMANLARI (KOHA)
Sınıflandırma Veya Raf Düzeni Kaynak Dewey Decimal Classification
Koha Öğesi Türü Books
999 ## - SİSTEM KONTROL NUMARALARI (KOHA)
Koha Biblionumber 8538
Koha Biblioitemnumber 8538
Holdings
Kalıcı Konum Mevcut Konum Edinme Tarihi Edinim Kaynak Toplam Check-Out'Lar Tam Çağrı Numarası Barkod Tarih Son Görülme İtibaren Geçerli Fiyatlar Koha Öğesi Türü
CHP Kütüphanesi CHP Kütüphanesi 11/15/2016 Bağış   923.1 Faysal,1. A44ı 2014 009836 11/15/2016 11/15/2016 Books